|
|
|
|
| LEADER |
00814ncm a22002052a 4500 |
| 001 |
001278841 |
| 003 |
CZ BrMZK |
| 005 |
20150807091222.0 |
| 007 |
qu |
| 008 |
130212s1938 gw |||||||||||||||||zxx d |
| 040 |
|
|
|a BOA001
|b cze
|
| 072 |
|
7 |
|a 787
|x Hudba pro strunné a smyčcové nástroje
|2 Konspekt
|9 9
|
| 100 |
1 |
|
|a Treml, Robert,
|d 1899-1945
|7 mzk2015868201
|4 cmp
|
| 245 |
1 |
4 |
|a Die Grundlagen des Gitarrenspiels
|h [hudebnina] :
|b Aufbau der Spieltechnik aus der Einstimmigkeit : mit vielen Musikbeispielen versehen, einzeln oder chorisch zu gebrauchen /
|c Robert Treml
|
| 260 |
|
|
|a In Hannover :
|b Adolph Nagel,
|c 1938
|
| 300 |
|
|
|a 1 partitura (45 s.)
|
| 910 |
|
|
|a BOA001
|b Mus4-0204.486
|
| 990 |
|
|
|a MU
|
| 991 |
|
|
|b 201302
|
| 996 |
6 |
|
|b 2619518821
|c Mus4-0204.486
|l MZK
|r Sklad / do 1 hodiny
|n 0
|w 001313044
|u 000010
|a 1
|e BOA001
|j MZK50
|s P
|